Modeling of Dynamic Systems

Gespeichert in:
Bibliographische Detailangaben
1. Verfasser: Ljung, Lennart
Weitere Verfasser: Glad, Torkel
Format: Buch
Sprache:Englisch
Veröffentlicht: Englewood Cliffs Prentice Hall 1994
Ausgabe:1. ed.
Schlagworte:
Tags: Tag hinzufügen
Keine Tags, Fügen Sie das erste Tag hinzu!

MARC

LEADER 00000nam a2200000 4500
001 c014259
005 20221205140815.9
020 |a 0-13-597097-0 
041 0 |a eng 
044 |a US 
245 1 0 |a Modeling of Dynamic Systems  |c Lennart Ljung, Torkel Glad 
250 |a 1. ed. 
264 1 |a Englewood Cliffs  |b Prentice Hall  |c 1994 
300 |a 361 s. 
610 2 0 |a modelovanie 
610 2 0 |a modely dynamické 
610 2 0 |a modely matematické 
610 2 0 |a počítače 
610 2 0 |a simulácia 
100 1 |a Ljung, Lennart 
700 1 |a Glad, Torkel